[Event "11th Open"]
[Site "Ljubljana SLO"]
[Date "2000.06.22"]
[Round "6"]
[White "Srebrnic,M"]
[Black "Praznik,A"]
[Result "0-1"]
[WhiteElo "2040"]
[BlackElo "2218"]

1.e4 e6 2.d4 d5 3.Nd2 a6 4.Bd3 c5 5.exd5 exd5 6.Qe2+ Be7 7.dxc5 Nf6 8.Ngf3 O-O
9.O-O Bxc5 10.Nb3 Re8 11.Qd1 Bb6 12.Bg5 h6 13.Bh4 Nc6 14.Re1 g5 15.Bg3 Bg4
16.Rxe8+ Qxe8 17.h3 Bh5 18.Qd2 Ne4 19.Bxe4 dxe4 20.Re1 Bxf3 21.gxf3 Ne5 22.Bxe5 Qxe5
23.Rxe4 Qg3+ 24.Kf1 Qxf3 25.Rg4 Rd8 26.Nd4 Qxh3+  0-1

[Event "Balatontourist Open"]
[Site "Budapest HUN"]
[Date "2000.06.24"]
[Round "9"]
[White "Nagy,Z HUN"]
[Black "Jamrich,G"]
[Result "1-0"]
[WhiteElo "2233"]
[BlackElo "2188"]

1.e4 e6 2.d4 d5 3.Nd2 Nc6 4.Ngf3 Nf6 5.e5 Ne4 6.c3 Nxd2 7.Nxd2 Nb8 8.f4 c5
9.dxc5 Bxc5 10.Nb3 Be7 11.Bd3 Nc6 12.Be3 Bd7 13.O-O a5 14.a4 O-O 15.Qe2 f6
16.exf6 Bxf6 17.Nc5 Bc8 18.Bb5 Qc7 19.Nb3 Bd7 20.Nc5 Rae8 21.Nxd7 Qxd7 22.Rad1 Qc7
23.g3 Kh8 24.Qg2 Rd8 25.Rfe1 Qf7 26.Bb6 Ra8 27.Rd2 Rfe8 28.Rde2 d4 29.Bxc6 bxc6
30.Bxd4 Bxd4+ 31.cxd4 Qf6 32.Re5 Qd8 33.Qf2 Qd6 34.Qe3 Rad8 35.Kg2 h6 36.b3 Qb4
37.Re4 Rb8 38.d5 Qa3 39.Rxe6 Rec8 40.Rxc6 Rd8 41.Qe5 Kh7 42.Rc7 Rg8 43.Qf5+ Kh8
44.Re6  1-0

[Event "Masters"]
[Site "Frankfurt GER"]
[Date "2000.06.24"]
[Round "9"]
[White "Rublevsky,S"]
[Black "Topalov,V"]
[Result "1-0"]
[WhiteElo "2662"]
[BlackElo "2702"]

1.e4 e6 2.d4 d5 3.Nd2 a6 4.Ngf3 Nf6 5.e5 Nfd7 6.c4 dxc4 7.Bxc4 Nb6 8.Bb3 Bd7
9.O-O Bc6 10.Re1 Bb4 11.a3 Bxd2 12.Bxd2 Bd5 13.Bc2 Nc6 14.Be3 Qe7 15.Ng5 O-O-O
16.Qh5 Rdf8 17.Ne4 Kb8 18.Nc3 Qd7 19.Rad1 Ne7 20.Nxd5 Nbxd5 21.Qg4 Nf5 22.Bc1 Rfg8
23.Qf3 g5 24.Qh5 h6 25.Be4 Ng7 26.Qf3 Nf5 27.Qh5 Ng7 28.Qf3 Rf8 29.Bd2 f5
30.exf6 Rxf6 31.Qb3 Nf5 32.Be3 Rhf8 33.Rc1 Qf7 34.f3 Nd6 35.Bd3 g4 36.fxg4 Nxe3
37.Rxe3 Rf2 38.Qxe6 Qf4 39.Qe5 Qxg4 40.Rg3 Qf4 41.Qxf4 R8xf4 42.Rf1 Rxf1+
43.Bxf1 Rxd4 44.Rh3 Rd2 45.b4 Nf5 46.g4 Nd4 47.Rxh6 Nf3+ 48.Kh1 b5 49.Rh3 Ng5
50.Re3 Rf2 51.Bg2 c5 52.bxc5 Rc2 53.h4 Nf7 54.Re8+  1-0

[Event "XVIII Open"]
[Site "Andorra AND"]
[Date "2000.06.29"]
[Round "6"]
[White "Shahade,J"]
[Black "Giaccio,A"]
[Result "0-1"]
[WhiteElo "2263"]
[BlackElo "2508"]

1.e4 e6 2.d4 d5 3.Nd2 a6 4.Ngf3 Nf6 5.e5 Nfd7 6.Bd3 c5 7.c3 Nc6 8.O-O Be7
9.Re1 cxd4 10.cxd4 Qb6 11.Nb3 a5 12.a4 Qd8 13.Qe2 Nb4 14.Bb1 b6 15.Bd2 Ba6
16.Qe3 Rc8 17.Bxb4 Bxb4 18.Nbd2 h6 19.h4 Nb8 20.Rd1 Nc6 21.Nf1 Be7 22.Qf4 g5
23.Qg3 gxh4 24.Qg7 Kd7 25.Qxf7 Rf8 26.Qh5 Be2 27.Rd2 Bxf3 28.gxf3 Rg8+ 29.Kh2 Qf8  0-1

[Event "XVIII Open"]
[Site "Andorra AND"]
[Date "2000.07.02"]
[Round "9"]
[White "Psakhis,L"]
[Black "Giaccio,A"]
[Result "1-0"]
[WhiteElo "2599"]
[BlackElo "2508"]

1.e4 e6 2.d4 d5 3.Nd2 a6 4.Bd3 c5 5.dxc5 Nd7 6.b4 a5 7.exd5 Qf6 8.Rb1 Qe5+
9.Ne2 axb4 10.dxe6 Qxe6 11.O-O Bxc5 12.Nf4 Qc6 13.Qe2+ Ne7 14.Bb5 Qc7 15.Ne4 O-O
16.Nd3 Bd6 17.Nxd6 Qxd6 18.Nxb4 Nf6 19.Rd1 Qe6 20.Bb2 Qxe2 21.Bxe2 Be6 22.Bf3 Ra5
23.Bxb7 Nfd5 24.a3 f6 25.c4 Nf4 26.Re1 Ra7 27.Bf3 Bxc4 28.Re4 Bd3 29.Nxd3 Nxd3
30.Bd4 Rc7 31.Be2 Nc1 32.Bf1 Nf5 33.Bb6 Rb8 34.a4 Kf8 35.a5 Nd6 36.Bxc7  1-0

[Event "XVIII Open"]
[Site "Andorra AND"]
[Date "2000.07.02"]
[Round "9"]
[White "Ramesh,R"]
[Black "Cosma,I"]
[Result "1-0"]
[WhiteElo "2443"]
[BlackElo "2468"]

1.e4 e6 2.d4 d5 3.Nd2 Be7 4.Bd3 c5 5.dxc5 Nf6 6.Qe2 Nc6 7.Ngf3 Bxc5 8.O-O Qc7
9.a3 Bd7 10.exd5 Nxd5 11.Ne4 Be7 12.g3 h6 13.Bd2 O-O-O 14.c4 Nf6 15.b4 Nxe4
16.Bxe4 Bf6 17.Rac1 Nd4 18.Nxd4 Bxd4 19.c5 Bc6 20.b5 Bxe4 21.Qxe4 Qe5 22.Qc2 Qe2
23.c6 b6 24.Qa4 a5 25.Bxa5 bxa5 26.Qxa5 Rd5 27.Qa6+ Kd8 28.Qb7 Be5 29.c7+ Bxc7
30.Rxc7  1-0

[Event "1st ch-Europe"]
[Site "Saint Vincent ITA"]
[Date "2000.07.05"]
[Round "3"]
[White "Dervishi,E"]
[Black "Bauer,Ch"]
[Result "0-1"]
[WhiteElo "2478"]
[BlackElo "2517"]

1.e4 e6 2.d4 d5 3.Nd2 Nc6 4.Ngf3 Nf6 5.e5 Nd7 6.Be2 Be7 7.O-O O-O 8.Re1 f6
9.exf6 Bxf6 10.c3 e5 11.Qb3 Nb6 12.dxe5 Nxe5 13.a4 c6 14.Nxe5 Bxe5 15.Nf3 Bc7
16.a5 Nd7 17.Bg5 Nf6 18.Qb4 Bd6 19.Qd4 Bf5 20.c4 Be4 21.cxd5 Bxd5 22.Bc4 Bc7
23.Bxd5+ Qxd5 24.Qb4 c5 25.Qa4 Rad8 26.Rad1 Qc6 27.Qxc6 bxc6 28.a6 Rxd1 29.Rxd1 Nd5
30.Nd2 Be5 31.b3 Bd4 32.Nf3 Nc3 33.Re1 Rb8 34.h4 Nd5 35.Re4 h6 36.Bd2 Rxb3
37.Re8+ Kh7 38.Ra8 Rb1+ 39.Kh2 Bxf2 40.Rxa7 c4 41.Rf7 c3 42.Be1 Be3 43.Bg3 c2
44.Be5 Kg8 45.Rxg7+ Kf8 46.a7 Bxa7 47.Rxa7 c1=Q 48.Rh7 Nf6  0-1

[Event "ch-SWE"]
[Site "Orebro SWE"]
[Date "2000.07.07"]
[Round "6"]
[White "Brynell,S"]
[Black "Rylander,D"]
[Result "1-0"]
[WhiteElo "2484"]
[BlackElo "2223"]

1.e4 e6 2.d4 d5 3.Nd2 Be7 4.Bd3 c5 5.dxc5 Nf6 6.Qe2 dxe4 7.Nxe4 Nxe4 8.Bxe4 Bxc5
9.Nf3 O-O 10.Bd2 f6 11.O-O-O Qc7 12.h4 Nc6 13.Bc3 Rb8 14.Kb1 b5 15.b3 Rb6
16.Bb2 a5 17.g4 Bb7 18.Rd2 Qf4 19.Rhd1 Rf7 20.g5 Re7 21.gxf6 gxf6 22.Rg1+ Kf7
23.Bxh7 e5 24.Bg8+ Ke8 25.Bd5 Nd4 26.Nxd4 exd4 27.Bxb7 Rxe2 28.Rxe2+ Be7
29.Bd5 Rd6 30.Be6 Rxe6 31.Rxe6 Kf7 32.Rge1 Bb4 33.R1e4 Qf3 34.Bxd4 Qd1+ 35.Kb2 Ba3+
36.Kxa3 Qc1+ 37.Bb2 b4+ 38.Ka4 Qxb2 39.Kxa5 Qxa2+ 40.Kxb4 Qxc2 41.Re2 Qd3
42.R6e4 Qd6+ 43.Kc3 Qc5+ 44.Kb2 Kg6 45.Rd2 Qb5 46.Red4 Qc5 47.b4 Qb6 48.Kb3 Qe6+
49.Rd5 Qh3+ 50.Ka4 Qxh4 51.Ka5 Qc4 52.b5 Qc3+ 53.Kb6 Qb4 54.Kc6 Qa4 55.Kb7 Qe4
56.b6 Qe7+ 57.Kb8 Qe8+ 58.Rd8 Qc6 59.b7 Qb6 60.R8d6 Qc5 61.f4 Kf7 62.R2d5 Qc4
63.Rf5 Ke7 64.Rfxf6 Qc5 65.Rfe6+ Kf7 66.Rc6 Qf8+ 67.Kc7  1-0

[Event "ch-SWE"]
[Site "Orebro SWE"]
[Date "2000.07.09"]
[Round "7"]
[White "Hector,J"]
[Black "Hillarp Persson,T"]
[Result "1/2-1/2"]
[WhiteElo "2509"]
[BlackElo "2549"]

1.e4 e6 2.d4 d5 3.Nd2 Be7 4.Bd3 c5 5.dxc5 Nd7 6.exd5 exd5 7.Nb3 Nxc5 8.Be3 Nxd3+
9.Qxd3 Nf6 10.Ne2 O-O 11.O-O a5 12.a4 Bd7 13.Bd4 Re8 14.Nc3 Bc6 15.Rad1 Qc8
16.Rfe1 Ne4 17.Nb5 Bf8 18.c3 Re6 19.f3 Ng5 20.Be3 Rg6 21.N3d4 Qd7 22.Kh1 Re8
23.b3 h5 24.Qd2 Ne6 25.Bf2 Nc5 26.Rxe8 Qxe8 27.Re1 Qd7 28.Re5 Rh6 29.Qe2 h4
30.h3 Ne6 31.Nf5 Rh7 32.Nbd4 Nxd4 33.Bxd4 f6 34.Ne7+ Kf7 35.Ng6 Kxg6 36.Re3 Kf7
37.Bb6 Rh8 38.Bxa5 Bd6 39.Bb4 Bxb4 40.cxb4 Re8 41.b5 d4 42.bxc6 Qxc6 43.Rxe8 Qxe8
44.Qc4+ Qe6 45.Qxd4 Qe1+ 46.Qg1 Qd2 47.Qb1 g5 48.Kg1 Ke7 49.Kf1 Kd6 50.b4 Kc7
51.a5 Kb8 52.Qe1 Qd3+ 53.Kf2 Qd4+ 54.Ke2 Qc4+ 55.Ke3 Ka7 56.Qd2 Qb3+ 57.Kd4 Kb8
58.Kc5 Kc8 59.b5 Qe6 60.Qd5 Qe7+ 61.Kd4 Kb8 62.b6 Qb4+ 63.Qc4 Qd2+ 64.Ke4 f5+
65.Kxf5 Qxa5+ 66.Kg4 Qxb6 67.Kxg5 Qf2 68.f4 Qxg2+ 69.Kxh4 Qf2+ 70.Kg5 Qg3+
71.Kf6 Qh4+ 72.Ke6 Qh6+ 73.Ke5 Qh8+ 74.Ke4 Qxh3 75.Qg8+ Kc7 76.f5 Qh1+ 77.Ke5  1/2-1/2

[Event "Staffordshire IM"]
[Site "Lichfield ENG"]
[Date "2000.07.10"]
[Round "5"]
[White "Cooper,L"]
[Black "Hanley,C"]
[Result "1-0"]
[WhiteElo "2338"]
[BlackElo "2231"]

1.e4 e6 2.d4 d5 3.Nd2 Be7 4.Bd3 c5 5.dxc5 Nf6 6.Qe2 Nc6 7.Ngf3 Nb4 8.e5 Nd7
9.Nb3 Nxd3+ 10.cxd3 a5 11.Be3 a4 12.Nbd4 Qa5+ 13.Qd2 Qa6 14.b4 axb3 15.Nxb3 b6
16.cxb6 Nxb6 17.O-O O-O 18.Bc5 Bxc5 19.Nxc5 Qa3 20.Rfc1 Na4 21.Nxa4 Rxa4
22.Rc3 Qb4 23.a3 Qb5 24.Qc2 Bd7 25.h3 h6 26.Rc7 Rb8 27.Qc3 Rb7 28.Rxb7 Qxb7
29.Nd4 Qb6 30.Nb3 d4 31.Qc2 Bc6 32.Nd2 Qa6 33.Nc4 Bd5 34.Rb1 Qa7 35.Nb6 Rxa3
36.Qc8+ Kh7 37.Nxd5 exd5 38.Rb8 Qe7 39.Qg8+ Kg6 40.Rb6+ Kf5 41.g4+ Kf4 42.Kg2 Qc7
43.Rb4 Qxe5 44.Qxf7+ Qf6 45.Rxd4+  1-0

[Event "1st ch-Europe"]
[Site "Saint Vincent ITA"]
[Date "2000.07.12"]
[Round "9"]
[White "Solak,D"]
[Black "Sorensen,J"]
[Result "1-0"]
[WhiteElo "2515"]
[BlackElo "2401"]

1.e4 e6 2.d4 d5 3.Nd2 Nc6 4.Ngf3 Nf6 5.e5 Nd7 6.Bb5 a6 7.Bxc6 bxc6 8.Nb3 a5
9.Bg5 Be7 10.h4 h6 11.Be3 a4 12.Nc5 Nxc5 13.dxc5 Ba6 14.b4 Qb8 15.a3 Qb5
16.Qd2 Kd7 17.O-O-O Qc4 18.Bd4 g5 19.hxg5 hxg5 20.Qe3 Qe2 21.Rxh8 Rxh8 22.Re1 Qxe3+
23.Bxe3 g4 24.Nd4 Rh5 25.Bd2 Bf8 26.f3 gxf3 27.Nxf3 Bg7 28.Bf4 Rf5 29.Bd2 Rh5
30.Kd1 Bc4 31.Bf4 Ke7 32.Kd2 Ke8 33.Ke3 Kd7 34.Kf2 Ke8 35.g4 Rh3 36.Kg2 Rh8
37.Kg3 Rh7 38.Bg5 Bf8 39.Bf6 Rh6 40.Nh4 Be7 41.Bxe7 Kxe7 42.Ng2 Rh8 43.Nf4 Rh7
44.Nh5 Rh8 45.Rd1 Be2 46.Rd2 Bc4 47.Rh2 Rh7 48.Rf2 Rh8 49.Rd2 Bb5 50.Rd1 Be2
51.Re1 Bb5 52.Nf4 Rh7 53.Nh3 Rg7 54.Re3 Bf1 55.Nf2 Bc4 56.Rf3 Be2 57.Rf6 Rh7
58.Rf4 Rg7 59.Rd4 Bb5 60.Rd2 Bc4 61.Rd1 Rh7 62.Re1 Rh8 63.Kf3 Rh2 64.Rd1 Rh7
65.Rh1 Rxh1 66.Nxh1 Ba2 67.Kf4 Bb1 68.c3 Kf8 69.Kg5 Kg7 70.Ng3 Bc2 71.Nh5+ Kf8
72.Nf6 Bd3 73.Kh6 Be2 74.Kh5 Ke7 75.Kg5 Bf3 76.Kh6 Kf8 77.g5 Ke7 78.Kg7 Be2
79.Ng8+ Ke8 80.Kf6 Bh5 81.Ne7 Kd7 82.g6 fxg6 83.Nxg6 Ke8 84.Nf4  1-0

[Event "ch-POL women"]
[Site "Brzeg Dolny POL"]
[Date "2000.07.14"]
[Round "9"]
[White "Aksiuczyc,M"]
[Black "Socko,M"]
[Result "1-0"]
[WhiteElo "2264"]
[BlackElo "2403"]

1.e4 e6 2.d4 d5 3.Nd2 Be7 4.Bd3 c5 5.dxc5 Nf6 6.Qe2 Nc6 7.Ngf3 Nb4 8.Nb3 Nxd3+
9.cxd3 a5 10.Bg5 a4 11.Nbd2 O-O 12.O-O dxe4 13.dxe4 Nd7 14.Bxe7 Qxe7 15.Rac1 b6
16.c6 Ba6 17.Nc4 Nc5 18.Qe3 Bxc4 19.Rxc4 Qc7 20.Nd4 e5 21.Nf5 f6 22.b4 axb3
23.axb3 Ra3 24.Qc1 Rxb3 25.Rxc5 bxc5 26.Qc4+ Qf7 27.Ne7+ Kh8 28.Qxf7 Rxf7
29.c7 Rf8 30.Rd1 Rb7 31.c8=Q Rxc8 32.Nxc8 h6 33.Nd6 Rb4 34.Kf1 g6 35.Rd5 Rb1+
36.Ke2 Rc1 37.Ne8 c4 38.Nxf6 c3 39.Rd7  1-0

[Event "ch-Paris"]
[Site "Paris FRA"]
[Date "2000.07.17"]
[Round "3"]
[White "Guigonis,D"]
[Black "Legky,N"]
[Result "0-1"]
[WhiteElo "2301"]
[BlackElo "2520"]

1.e4 e6 2.d4 d5 3.Nd2 a6 4.Ngf3 Nf6 5.Bd3 c5 6.dxc5 Bxc5 7.e5 Nfd7 8.O-O Nc6
9.Re1 Be7 10.c4 Nc5 11.Bf1 O-O 12.a3 a5 13.b3 Qb6 14.Rb1 Rd8 15.Qc2 Bd7 16.Qc3 Be8
17.Qe3 Nd7 18.Qf4 Nf8 19.h4 Qc7 20.Qg4 Ng6 21.Bb2 d4 22.Qe4 Nf8 23.h5 f5
24.exf6 Bxf6 25.Qg4 h6 26.Ne4 Be7 27.Rbd1 e5 28.Ng3 Kh8 29.Bd3 Bf6 30.Nh4 Bxh4
31.Qxh4 Qf7 32.Bc1 Ne6 33.Bg6 Qf8 34.Be4 Nf4 35.Bxc6 Bxc6 36.Rxe5 Nxg2 37.Qg4 Nh4
38.Rf5 Nxf5 39.Qxf5 Qxf5 40.Nxf5 Bf3 41.Rd2 d3 42.Bb2 Rd7 43.Nd4 Be4 44.f3 Bh7
45.Kf2 Rf8 46.b4 a4 47.c5 Re8 48.c6 bxc6 49.Nxc6 Rd5  0-1

[Event "Aegean Open"]
[Site "Agios Kyrikos GRE"]
[Date "2000.07.19"]
[Round "5"]
[White "Potapov,A"]
[Black "Istratescu,A"]
[Result "1/2-1/2"]
[WhiteElo "2483"]
[BlackElo "2578"]

1.d4 e6 2.e4 d5 3.Nd2 Be7 4.Bd3 dxe4 5.Nxe4 Nf6 6.Nf3 Nxe4 7.Bxe4 Nd7 8.c3 O-O
9.O-O Nf6 10.Bd3 b6 11.Qe2 Bb7 12.Bf4 c5 13.dxc5 bxc5 14.Rad1 Qb6 15.Ne5 Rad8
16.Rfe1 Ba8 17.Bc1 Qb7 18.f3 Qc7 19.Nc4 Rd5 20.Bc2 Rfd8 21.Rxd5 Nxd5 22.Qe5 Qxe5
23.Nxe5 f6 24.Nc4 Kf7 25.Bb3 g5 26.g3 h5 27.Kf2 Nc7  1/2-1/2

[Event "KB Czech Open"]
[Site "Pardubice CZE"]
[Date "2000.07.22"]
[Round "2"]
[White "Potkin,V"]
[Black "Prakken,G"]
[Result "1-0"]
[WhiteElo "2420"]
[BlackElo "2280"]

1.e4 e6 2.d4 d5 3.Nd2 a6 4.Ngf3 c5 5.exd5 exd5 6.Be2 Nc6 7.O-O cxd4 8.Nb3 Nf6
9.Nfxd4 Be7 10.Bg5 O-O 11.Re1 h6 12.Bh4 Re8 13.c3 Bd7 14.Qc2 Ne4 15.Bxe7 Rxe7
16.Bd3 Nf6 17.Nxc6 Bxc6 18.Nd4 Bd7 19.Qb3 Be8 20.Nf5 Rd7 21.Qb4 d4 22.Nxd4 Nd5
23.Qb3 Nf4 24.Bf1 Qg5 25.Re3 b5 26.Rae1 Rdd8 27.Rg3 Qf6 28.Rf3 Qg5 29.g3 Ng6
30.Bg2 Qg4 31.Rf5 Rxd4 32.cxd4 Qxf5 33.Bxa8  1-0

[Event "10th Smith & Williamson YM"]
[Site "Witley ENG"]
[Date "2000.07.22"]
[Round "9"]
[White "Mahesh Chandran,P"]
[Black "Pert,N"]
[Result "1-0"]
[WhiteElo "2238"]
[BlackElo "2455"]

1.e4 e6 2.d4 d5 3.Nd2 Be7 4.Bd3 c5 5.dxc5 Nf6 6.Qe2 Nc6 7.Ngf3 Bxc5 8.O-O Qc7
9.a3 a5 10.exd5 Nxd5 11.Qe4 Nf6 12.Qc4 b6 13.Ne4 Nxe4 14.Qxe4 Bb7 15.Bb5 O-O-O
16.Qe2 Nd4 17.Nxd4 Bxd4 18.Ba6 Bxa6 19.Qxa6+ Qb7 20.Qc4+ Qc7 21.Qe2 Kb7 22.c3 Bf6
23.Be3 Rc8 24.a4 Qc4 25.Qh5 Rc7 26.Rfd1 Qc6 27.Ra3 g6 28.Qe2 Be7 29.Rb3 Bc5
30.Bxc5 Qxc5 31.Qf3+ Qc6 32.Rd6 Qxf3 33.Rbxb6+ Kc8 34.gxf3 Rd8 35.Rxd8+ Kxd8
36.Kg2 Rc4 37.Rb7 Ke8 38.b4 Rxc3 39.bxa5 Rc6 40.Rb6 Rc7 41.a6 Kd7 42.Rb7 Rxb7
43.axb7 Kc7 44.Kg3 Kxb7 45.Kf4 f6 46.Ke4 Kb6 47.Kd4 h5 48.f4 h4 49.a5+ Kxa5
50.Kc5 f5 51.h3 Ka4 52.Kd6 Kb4 53.Kxe6 Kc4 54.Kf6 Kd3 55.Kxg6 Ke4 56.Kg5 Kf3
57.Kxf5 Kxf2 58.Kg4  1-0

[Event "Politiken Cup"]
[Site "Copenhagen DEN"]
[Date "2000.07.25"]
[Round "8"]
[White "Paaske,A"]
[Black "Romsdal,T"]
[Result "0-1"]
[WhiteElo "2038"]
[BlackElo "2222"]

1.e4 e6 2.d4 d5 3.Nd2 Nc6 4.Ngf3 Be7 5.Bd3 dxe4 6.Nxe4 Nf6 7.c3 O-O 8.Qe2 Re8
9.Ne5 Nxe4 10.Qxe4 f5 11.Qe2 Nxe5 12.dxe5 Bd7 13.Be3 c5 14.Rd1 Qc7 15.Bc4 Rad8
16.f4 Qc6 17.O-O a6 18.Qf3 Qc7 19.g4 b5 20.Bd3 c4 21.Bc2 g6 22.Qf2 Bc8 23.Rxd8 Rxd8
24.Bb6 Qc6 25.Bxd8 Bc5 26.Bf6 Bb7  0-1

[Event "Open"]
[Site "Bergen NOR"]
[Date "2000.07.26"]
[Round "6"]
[White "Ledger,A"]
[Black "Fyllingen,R"]
[Result "1-0"]
[WhiteElo "2441"]
[BlackElo "2408"]

1.e4 e6 2.d4 d5 3.Nd2 a6 4.Bd3 c5 5.dxc5 Bxc5 6.Ngf3 Nc6 7.a3 Nf6 8.Qe2 b5
9.O-O Qc7 10.c3 Ba7 11.a4 b4 12.c4 dxe4 13.Nxe4 Ng4 14.Ng3 h5 15.Bg5 f6 16.Bg6+ Kf8
17.Bh4 Rh6 18.Be4 Bb7 19.Rad1 Re8 20.h3 Kg8 21.Nxh5 Nge5 22.Nxe5 Qxe5 23.Bg3 Qxh5
24.Qxh5 Rxh5 25.Rd7 Bc8 26.Rc7 Ne7 27.Rxa7 Rc5 28.b3 Nf5 29.Bf4 e5 30.Bc1 Nd4
31.Be3 Ra5 32.Rd1 Bf5 33.Bxf5 Nxf5 34.Bb6  1-0

[Event "KB Czech Open"]
[Site "Pardubice CZE"]
[Date "2000.07.26"]
[Round "6"]
[White "Faibisovich,V"]
[Black "Szymanski,M"]
[Result "1-0"]
[WhiteElo "2415"]
[BlackElo "2325"]

1.e4 e6 2.d4 d5 3.Nd2 Be7 4.Bd3 c5 5.dxc5 Nf6 6.Qe2 Nc6 7.Ngf3 O-O 8.O-O Bxc5
9.e5 Nd7 10.Nb3 Be7 11.c3 a5 12.a4 b6 13.Nbd4 Nxd4 14.cxd4 Nb8 15.Bb1 Ba6
16.Qc2 g6 17.Re1 Nc6 18.Bh6 Re8 19.Qc1 Qc7 20.Qf4 f5 21.h4 Nb4 22.Ra3 Rac8
23.Ng5 Bxg5 24.Bxg5 h5 25.Bf6 Qh7 26.Rg3 Kf7 27.Rc1 Rxc1+ 28.Qxc1 Rc8 29.Rc3 Rxc3
30.bxc3 Nc6 31.Qb2 Ke8 32.Qxb6 Qb7 33.Qxb7 Bxb7 34.Bg5 Ba6 35.Bc2 Nb8 36.Bc1 Bc4
37.f3 Kf7 38.Kf2 Nc6 39.Ke3 Kg7 40.Kf4 Be2 41.Ba3 Kf7 42.g3 Kg7 43.Bc5 Kf7
44.Ke3 Bc4 45.Bd1 Kg7 46.Kf4 Bd3 47.g4 hxg4 48.fxg4 fxg4 49.Kxg4 Kf7 50.Kg5 Ne7
51.Bb6 Nf5 52.Bxa5 Ne3 53.Bf3 Bc2 54.h5 gxh5 55.Bxh5+ Kg7 56.Be8 Nd1 57.Bb4 Nb2
58.a5 Bd3 59.Bd7  1-0

[Event "MTO Open"]
[Site "Biel SUI"]
[Date "2000.07.27"]
[Round "4"]
[White "Jaracz,P"]
[Black "Velcheva,M"]
[Result "1/2-1/2"]
[WhiteElo "2511"]
[BlackElo "2302"]

1.e4 e6 2.d4 d5 3.Nd2 Be7 4.Bd3 c5 5.dxc5 Nd7 6.exd5 exd5 7.Nb3 Nxc5 8.Nxc5 Bxc5
9.Nf3 Nf6 10.O-O O-O 11.c3 Bg4 12.Be2 Re8 13.Bg5 Qd6 14.Bxf6 Qxf6 15.Qd2 Rad8
16.Rad1 d4 17.cxd4 Bxd4 18.Qc2 Rc8 19.Qa4 Rxe2 20.Nxd4 Rxb2 21.Rde1 g6 22.h3 Be6
23.Nxe6 fxe6 24.Qxa7 Rcc2 25.a4 b6 26.Qb8+  1/2-1/2

[Event "KB Czech Open"]
[Site "Pardubice CZE"]
[Date "2000.07.28"]
[Round "8"]
[White "Navara,D"]
[Black "Duppel,M"]
[Result "1/2-1/2"]
[WhiteElo "2433"]
[BlackElo "2376"]

1.e4 e6 2.d4 d5 3.Nd2 Be7 4.Bd3 c5 5.dxc5 Nf6 6.Qe2 Nc6 7.Ngf3 Nb4 8.Nb3 Nxd3+
9.cxd3 a5 10.Bg5 a4 11.Nbd2 h6 12.Be3 Qa5 13.O-O Bxc5 14.Bxc5 Qxc5 15.Rfc1 Qb6
16.e5 Ng8 17.Qe3 Qxe3 18.fxe3 Ne7 19.Nd4 Bd7 20.Rc7 Rb8 21.b4 f6 22.N2f3 Ng6
23.exf6 gxf6 24.Rac1 Kd8 25.Kf2 Ne7 26.R7c5 b6 27.R5c3 Rc8 28.Rxc8+ Nxc8
29.Nh4 Ne7 30.Nhf3 e5 31.Ne2 Bb5 32.d4 Bxe2 33.Kxe2 e4 34.Nh4 Kd7 35.Kd2 Rg8
36.b5 Ra8 37.a3 Ra5 38.Rb1 Ke6 39.Kc3 Nc8 40.Ng6 Na7 41.Nf4+ Kd6 42.Nh5 f5
43.g3 Nxb5+ 44.Kb2 Kd7 45.Ng7 Nd6 46.Ka2 b5 47.Rf1 Ra8 48.Nxf5 Rf8 49.g4 h5
50.h3 hxg4 51.hxg4 Rh8 52.Nxd6 Rh2+ 53.Kb1 Kxd6 54.Rg1 Rh3 55.g5 Ke7 56.g6 Kf8
57.Re1 Rh2 58.Rf1+ Kg7 59.Rf7+ Kxg6 60.Rb7 Re2 61.Rxb5 Rxe3 62.Rxd5 Rxa3
63.Re5 e3 64.d5 Kf6 65.Re8 Rd3 66.d6 Rxd6  1/2-1/2

[Event "KB Czech Open"]
[Site "Pardubice CZE"]
[Date "2000.07.28"]
[Round "8"]
[White "Luther,T"]
[Black "Markos,J"]
[Result "1/2-1/2"]
[WhiteElo "2547"]
[BlackElo "2327"]

1.e4 e6 2.d4 d5 3.Nd2 Be7 4.Bd3 c5 5.dxc5 Nf6 6.Qe2 Nc6 7.Ngf3 Nb4 8.O-O Nxd3
9.cxd3 Bxc5 10.Nb3 Be7 11.Bg5 h6 12.Bh4 Qb6 13.e5 Ng8 14.Rac1 Bd7 15.Bxe7 Nxe7
16.Rc3 d4 17.Nbxd4 Bc6 18.Nxc6 Nxc6 19.d4 O-O 20.Rd1 Rad8 21.Rb3 Qc7 22.Re3 Rd5
23.Re4 Rfd8 24.Qe3 Qb6 25.Rg4 Kf8 26.Qe4 Kg8 27.Qf4 Kf8 28.Qe4 Kg8 29.Qf4 Kf8
30.h4 Qb5 31.Qg3 Qxb2 32.Rxg7 Nxd4 33.Nxd4 Rxd4 34.Rf1 Rd3 35.Qg4 Qd4 36.Rg8+ Ke7
37.Rxd8 Kxd8 38.Qg8+ Ke7 39.Qb8 Qb6 40.Rc1 Rd8 41.Rc7+ Ke8 42.Qxb7 Qxb7 43.Rxb7 Rd1+
44.Kh2 Rd2 45.Rxa7 Rxf2 46.Ra8+ Ke7 47.a4 Re2 48.Ra5 h5 49.Kg1 Kf8 50.Kf1 Ra2
51.Ra8+ Kg7 52.a5 Kg6 53.a6 Kf5 54.Rf8 Kg6 55.Rg8+ Kf5 56.Rg5+ Kf4 57.Rxh5 Rxa6
58.Rg5 Ra5 59.Rg7 Rxe5 60.Rxf7+ Kg3 61.Rg7+ Kxh4  1/2-1/2

[Event "MTO Open"]
[Site "Biel SUI"]
[Date "2000.07.30"]
[Round "6"]
[White "Martin Blanco,F"]
[Black "Ten Berge,H"]
[Result "0-1"]
[WhiteElo "2192"]
[BlackElo "2133"]

1.e4 e6 2.d4 d5 3.Nd2 Nc6 4.Ngf3 Nf6 5.e5 Nd7 6.Bb5 Be7 7.O-O a6 8.Bxc6 bxc6
9.c3 c5 10.Qa4 O-O 11.b4 Nb6 12.Qb3 c4 13.Qb2 Bd7 14.Re1 a5 15.a3 Ba4 16.Nf1 h6
17.Be3 Qd7 18.Ng3 Ra7 19.Qd2 Kh7 20.Nh5 Rh8 21.g4 Kg8 22.Kg2 Bb3 23.Kg3 Qa4
24.Rec1 Qe8 25.h4 Nd7 26.Qe2 Qa8 27.Qe1 g6 28.Nf4 Kg7 29.Nh3 Qc6 30.Nd2 Qa4
31.f4 Bc2 32.Nf2 Rha8 33.Nf3 axb4 34.axb4 Qxa1 35.Rxa1 Rxa1 36.Bc1 R8a2 37.Qe3 Bf8
38.Bd2 Kh7 39.Ne1 Nb6 40.h5 Na4 41.f5 gxf5 42.g5 Be4 43.gxh6 Rxd2 44.Nxe4 dxe4
45.Qxd2 Bxh6 46.Qc2 Ra3 47.Kg2 Nxc3 48.Kf1 Nd5 49.Qf2 Ne3+ 50.Kg1 Ra1 51.Qh4 c3
52.Kf2 Ng4+ 53.Ke2 Rxe1+  0-1

[Event "GM"]
[Site "Montecatini Terme ITA"]
[Date "2000.07.30"]
[Round "3"]
[White "Rublevsky,S"]
[Black "Lputian,S"]
[Result "1/2-1/2"]
[WhiteElo "2670"]
[BlackElo "2598"]

1.e4 e6 2.d4 d5 3.Nd2 Be7 4.Ngf3 Nf6 5.e5 Nfd7 6.Bd3 c5 7.c3 Nc6 8.O-O a5
9.Re1 cxd4 10.cxd4 Qb6 11.Qe2 g5 12.h3 h5 13.Nf1 Nxd4 14.Nxd4 Qxd4 15.Nh2 g4
16.hxg4 hxg4 17.Nxg4 Rg8 18.Nh6 Rg7 19.Bb5 Kf8 20.Bd2 Bb4 21.Bxb4+ axb4 22.Qh5 Qf4
23.Re3 Rg5 24.Qh3 Nxe5 25.Rae1 Rxa2 26.Rc1 Ra8 27.g3 Rg6 28.Nf5 Qxf5 29.Qh8+ Rg8
30.Qh6+ Rg7 31.Qh8+ Rg8 32.Qh6+ Rg7 33.Qh8+ Rg8 34.Qh6+  1/2-1/2

[Event "Proclient Cup"]
[Site "Olomouc CZE"]
[Date "2000.08.06"]
[Round "7"]
[White "Kasparov,S"]
[Black "Szymanski,M"]
[Result "1/2-1/2"]
[WhiteElo "2464"]
[BlackElo "2325"]

1.e4 e6 2.d4 d5 3.Nd2 Be7 4.Ngf3 Nf6 5.Bd3 c5 6.exd5 Qxd5 7.dxc5 Nbd7 8.O-O Nxc5
9.Bc4 Qd6 10.Nb3 O-O 11.Qxd6 Bxd6 12.Rd1 Nxb3 13.axb3 Bc5 14.Bd2 Bd7 15.Ne5 Rfd8
16.Ba5 b6 17.Nxd7 Rxd7 18.Rxd7 Nxd7 19.Bc3 Nf6 20.b4 Bf8 21.Kf1 Rc8 22.Bb3 Ne4
23.Be1 Rc7 24.Ke2 Nd6 25.c3 h5 26.f3 Nf5 27.Bf2 Bd6 28.g4 hxg4 29.fxg4 Ne7
30.h4 g5 31.Rd1 Bf4 32.Rd8+ Kg7 33.Bd4+ e5 34.Bf2 gxh4 35.Bxh4 Ng6 36.Be1 Bc1
37.Ba4 Bxb2 38.Rd7 Rxd7 39.Bxd7 Bc1 40.Kd3 Kf6 41.Ke4 Ke7 42.Bf5 Kd6 43.c4 Bf4
44.Kd3 Ne7 45.Be4 Ke6 46.Bf2 f5 47.gxf5+ Nxf5 48.c5 Nd4 49.Bxd4  1/2-1/2

[Event "TCh-ESP"]
[Site "Barcelona ESP"]
[Date "2000.08.07"]
[Round "3"]
[White "Fernandez Garcia,J"]
[Black "Perez Lopez,JM"]
[Result "0-1"]
[WhiteElo "2454"]
[BlackElo "2172"]

1.e4 e6 2.d4 d5 3.Nd2 Nc6 4.Ngf3 Nf6 5.e5 Nd7 6.c3 f6 7.exf6 Qxf6 8.Bb5 Bd6
9.Nf1 O-O 10.Bg5 Qf7 11.Ne3 Qh5 12.g4 Qf7 13.Be2 e5 14.Bh4 exd4 15.Nxd4 Nxd4
16.Qxd4 c6 17.O-O-O Bc5 18.Qd2 Ne5 19.Bg3 Nf3 20.Bxf3 Qxf3 21.h3 Be6 22.Rhe1 Rae8
23.Kb1 Bf7 24.Ka1 Bg6 25.a3 a6 26.Re2 Bxe3 27.Rxe3 Rxe3 28.Qxe3 Qxd1+  0-1

[Event "TCh-ESP"]
[Site "Barcelona ESP"]
[Date "2000.08.07"]
[Round "3"]
[White "Fernandez,Eri"]
[Black "Martin,Ju"]
[Result "1-0"]
[WhiteElo "2277"]
[BlackElo "2225"]

1.e4 e6 2.d4 d5 3.Nd2 a6 4.Ngf3 Nf6 5.e5 Nfd7 6.c3 c5 7.Bd3 Nc6 8.O-O g5
9.g4 Be7 10.Re1 b5 11.Nf1 h6 12.Ng3 cxd4 13.cxd4 Qb6 14.Be3 Bb7 15.Rc1 O-O-O
16.a4 b4 17.Nd2 Kb8 18.Nb3 Rc8 19.Qe2 Na5 20.Nd2 Ka8 21.Rxc8+ Rxc8 22.f3 f6
23.exf6 Bxf6 24.Qf2 b3 25.Ne2 Qb4 26.Ra1 Bxd4 27.Nxd4 e5 28.Bf5 exd4 29.Bxd4 Nc4
30.Bc3 Qd6 31.Nxb3 Rf8 32.Nd4 Nc5 33.Bb4 Qb6 34.Nb5 Nb3 35.Qxb6 Nxb6 36.Ra3 axb5
37.axb5+  1-0

[Event "TCh-ESP"]
[Site "Barcelona ESP"]
[Date "2000.08.09"]
[Round "5"]
[White "Izeta,F"]
[Black "Rivas Pastor,M"]
[Result "1/2-1/2"]
[WhiteElo "2456"]
[BlackElo "2420"]

1.e4 e6 2.d4 d5 3.Nd2 Be7 4.Ngf3 Nf6 5.e5 Nfd7 6.Bd3 c5 7.c3 cxd4 8.cxd4 b6
9.O-O Ba6 10.Bxa6 Nxa6 11.a3 O-O 12.Qe2 Nc7 13.b3 a5 14.a4 b5 15.Ba3 Bxa3
16.Rxa3 Qb8 17.Rc1 Rc8 18.g3 Qb6 19.Kg2 h6 20.h4 bxa4 21.bxa4 Qa6 22.Qd1 Rab8
23.Rac3 Na8 24.Rxc8+ Rxc8 25.Nb3 Nab6 26.Rxc8+ Qxc8 27.Nxa5  1/2-1/2

[Event "ch-GBR"]
[Site "Millfield ENG"]
[Date "2000.08.10"]
[Round "10"]
[White "Turner,M"]
[Black "Pert,N"]
[Result "1/2-1/2"]
[WhiteElo "2491"]
[BlackElo "2455"]

1.e4 e6 2.d4 d5 3.Nd2 Be7 4.Bd3 c5 5.dxc5 Nf6 6.Qe2 Nc6 7.Ngf3 Nb4 8.Nb3 Nxd3+
9.cxd3 a5 10.e5 Nd7 11.Be3 a4 12.Nbd4 Nxc5 13.O-O Bd7 14.Rfc1 b6 15.b4 axb3
16.axb3 O-O 17.Qc2 Na6 18.Nc6 Bxc6 19.Qxc6 Nb4 20.Rxa8 Qxa8 21.Qd7 Nxd3 22.Qxe7 d4
23.Nxd4 Nxc1 24.Bxc1 Qa1 25.Ne2 Qxe5 26.Kf1 Qd5 27.f3 Qxb3 28.Kf2 Qc4 29.Be3 b5
30.Bd4 h6 31.Qd6 f6 32.Nf4 e5 33.Bc5 Ra8 34.Nd3 Ra2+ 35.Ke3 Rxg2 36.Qc6 Kh7
37.Qd7 Rg5 38.Be7 Qf7 39.Nc5 f5 40.Bxg5 f4+ 41.Ke2 Qa2+ 42.Qd2 Qxd2+ 43.Kxd2 hxg5
44.Nd3 Kg6 45.Nxe5+ Kh5 46.Ng4 Kh4 47.Nf2 b4 48.Kc2 g4 49.Nxg4 Kh3 50.Kb3 Kg2
51.Ne5 Kxh2 52.Kxb4 Kg3 53.Kc3 g5 54.Kd2 g4 55.fxg4 f3  1/2-1/2